| 000 | 00546nam a2200181 i 4500 | ||
|---|---|---|---|
| 001 | 104012 | ||
| 003 | ES-MaACL | ||
| 007 | t| | ||
| 008 | 051122s1908 fr ||||1| fre d | ||
| 100 | 1 |
_aMeyerson, Emile. _980815 |
|
| 245 | 1 | 0 |
_aIdentité et réalité / _cpar Emile Meyerson. |
| 260 |
_aParis : _bFélix Alcan, _c1908. |
||
| 300 |
_a3 h., VII, 431 p. ; _c22 cm. |
||
| 490 | 1 | _aBibliothèque de philosophie contemporaine | |
| 830 | 0 |
_aBibliothèque de philosophie contemporaine _9181027 |
|
| 852 |
_aES-MaACL _jB-6877 |
||
| 999 |
_c104012 _d104012 |
||